000 01092nam a22002657a 4500
005 20170124103154.0
010 _aB-044103
020 _c200.00
035 _aB-044103
037 _bCen Lib/Ret
040 _aDPL
_bHN
082 _a070.4
_bगुरुश
100 _aगुरु शरण लाल
_945799
245 _aपत्रकारिता के सिद्धान्त /
_cगुरु शरण लाल
246 _aPatrakarita ke siddhant /
_bby Guru Sharan Lal
260 _aलखनऊ
_bभारत बुक सेंटर
_c2000
270 _a17, अशोक मार्ग
_bलखनऊ
_e226001
300 _a173पृ.
_c21सेमी (सजिल्द)
500 _aसन्दर्भ सूची शामिल
650 _aपत्रकारिता
_989010
650 _aहिन्दी पत्रकारिता के सिद्धान्त
_989011
650 _aJournalism
_989012
650 _aHindi journalism principles
_978437
942 _2ddc
_cHN
_h070.4
_mगुरुश
999 _c120178
_d120178